| 000 | 00717cam a2200217 a 4500 | ||
|---|---|---|---|
| 001 | 000006914 | ||
| 005 | 20200929154022.0 | ||
| 008 | 760618s1975 sp a 000 1 spa | ||
| 020 | _a842392002X | ||
| 040 |
_aDO-SdBNP _bspa _cBNPHU |
||
| 082 |
_aA863.2 _bV181t |
||
| 100 | 1 |
_aValle Inclán, Ramón del, _d1866-1936. _93325 |
|
| 245 | 1 | 0 |
_aTirano Banderas / _cRamón del Valle Inclán ; prólogo, Antonio Valencia. |
| 260 |
_aMadrid : _bEspasa Calpe, _c1975. |
||
| 300 |
_a240 p. : _bil. ; _c18 cm. |
||
| 490 | 1 |
_aSelecciones Austral ; _vno. 2 |
|
| 650 | 4 |
_aNovela argentina _93941 |
|
| 650 | 4 |
_aLiteratura argentina _93860 |
|
| 700 | 1 |
_aValencia, Antonio, _epról. _94948 |
|
| 830 | 0 |
_aSelecciones Austral ; _vno. 2 _919172 |
|
| 999 |
_c6699 _d6699 |
||